00925nam a2200229 a 450000100100000000500170001000800410002704000250006808200200009310000390011324500790015226000430023130000270027449000210030165000260032265000280034870000390037683000270041591000390044295201970048199900170067800003494620200930074013.0111021s1982 cu a 000 p spa d aDO-SdBNPbspacBNPHU aCu861.44bB821v1 aBranly, Roberto,d1930-198096052510aVitral de sueños /cRoberto Branly ; ilustraciones Migdalia Hernández. aLa Habana :bEdiciones Unión,c1982. a67 p. :bil. ;c21 cm.1 aContemporáneos 4aPoesía cubana95226 4aLiteratura cubana9148312aHernández, Migdalia,eil.960526 0aContemporáneos96941 aValidado. Control de calidad BNPHU 001054708MOaGRbGRcHDd2011-10-21iLF1l0oCu861.44 B821vp34946-10r2020-06-25w2020-06-25y4zPerteneció a la biblioteca personal de Juan Isidro Jimenes GrullónZPréstamo en sala c34437d34437